[Event "Lichtenberger Sommer 2019"]
[Site "Berlin"]
[Date "2019.08.21"]
[Round "5.18"]
[White "Nohr, Jonas"]
[Black "Jachym, Adam"]
[Result "1-0"]
[WhiteElo "2126"]
[BlackElo "1994"]
[PlyCount "107"]
[EventDate "2019.??.??"]
[WhiteTeam "Königsjäger Süd-West"]
[BlackTeam "OKSZ Spolem Opole"]

1. c4 e5 2. Nc3 Nc6 3. g3 f5 4. Bg2 Nf6 5. d3 Bb4 6. a3 Bxc3+ 7. bxc3 d6 8. Rb1
O-O 9. Nf3 Qe8 10. Bg5 Qh5 11. Bxf6 Rxf6 12. Qd2 f4 13. Kd1 Bh3 14. Bxh3 Qxh3
15. Kc2 Qd7 16. Ng5 Na5 17. Rb5 a6 18. Rxa5 b6 19. Rd5 Qa4+ 20. Kb2 c6 21. Ne4
cxd5 22. Nxf6+ gxf6 23. gxf4 Rc8 24. Rg1+ Kf7 25. fxe5 dxc4 26. e6+ Kxe6 27.
Qe3+ Kf7 28. Qxb6 Qd7 29. dxc4 Rxc4 30. Qxa6 d5 31. Rd1 Qg4 32. Qb7+ Kg6 33.
Qxd5 Qxe2+ 34. Rd2 Qf1 35. Qd3+ Qxd3 36. Rxd3 Rh4 37. h3 Rf4 38. Kb3 Rxf2 39.
a4 Rf1 40. Rd2 f5 41. Ra2 f4 42. a5 f3 43. a6 Rb1+ 44. Kc4 Rb8 45. a7 Ra8 46.
Kd3 f2 47. Ke2 Kf5 48. Kxf2 Ke4 49. Ke2 Kd5 50. Kd3 Kc5 51. Kc2 Kc4 52. h4 h5
53. Ra5 Rg8 54. Ra4+ 1-0

[Event "Lichtenberger Sommer 2019"]
[Site "Berlin"]
[Date "2019.08.21"]
[Round "5.19"]
[White "Mertens, Fridolin"]
[Black "Schulz, Olaf"]
[Result "1/2-1/2"]
[WhiteElo "2113"]
[BlackElo "1957"]
[PlyCount "156"]
[EventDate "2019.??.??"]
[WhiteTeam "SG 1871 Löberitz"]

1. e4 c6 2. d4 d5 3. e5 c5 4. dxc5 e6 5. a3 Qc7 6. Nf3 Nd7 7. Bb5 Bxc5 8. b4
Bf8 9. Bb2 a6 10. Bd3 b5 11. O-O Nb6 12. Nbd2 Ne7 13. Bd4 Nc6 14. c3 Nc4 15.
Re1 g6 16. Nb3 Bg7 17. Bxc4 bxc4 18. Nc5 O-O 19. Qe2 Re8 20. Qe3 Bd7 21. Qg5
Nxd4 22. cxd4 Bc6 23. h4 Qe7 24. Qd2 Ra7 25. Ra2 Rb8 26. a4 Bf8 27. g3 h5 28.
Rb1 Qe8 29. a5 Be7 30. Rab2 Kg7 31. Qe3 Bb5 32. Ng5 Bd8 33. Nh3 Bd7 34. Nf4 Bc8
35. Ne2 Be7 36. f3 Qd8 37. Kf2 Bd7 38. Ke1 Rb5 39. Nc3 Rb8 40. Ne2 Qe8 41. Kd2
Ba4 42. Qa3 Bb3 43. Nc1 c3+ 44. Kxc3 Bc4 45. Kd2 Qf8 46. Ne2 Rc7 47. Nf4 Rc6
48. Nd7 Qc8 49. Nxb8 Qxb8 50. Nd3 Qb5 51. Nc5 Rc8 52. Qa4 Rxc5 53. Qxb5 Rxb5
54. Kc3 Rb7 55. Kd2 Kf8 56. Kc3 Ke8 57. f4 Kd7 58. Kd2 Kc6 59. Kc3 Bd8 60. Rg1
Kb5 61. Rc1 Be7 62. Rcb1 Rb8 63. Kd2 Rc8 64. Ke3 Kc6 65. Kd2 Kb7 66. Rc2 Bb5
67. Rxc8 Kxc8 68. Kc3 Bc4 69. Rb2 Kb7 70. Rb1 Kc6 71. Rb2 Kb5 72. Rb1 Bf8 73.
Rb2 Bh6 74. Rb1 Bg7 75. Rb2 Bf8 76. Rb1 Be7 77. Rb2 Ka4 78. Rb1 Kb5 1/2-1/2

[Event "Lichtenberger Sommer 2019"]
[Site "Berlin"]
[Date "2019.08.21"]
[Round "5.20"]
[White "Zesewitz, Martin"]
[Black "Stark, Ingo"]
[Result "0-1"]
[WhiteElo "1906"]
[BlackElo "2113"]
[PlyCount "60"]
[EventDate "2019.??.??"]
[WhiteTeam "SF Friedrichshagen"]
[BlackTeam "TSG Oberschöneweide"]

1. f4 Nf6 2. Nf3 g6 3. Nc3 d5 4. e3 Bg7 5. Be2 O-O 6. O-O c5 7. d3 d4 8. Ne4
Nxe4 9. dxe4 Nc6 10. e5 Bf5 11. Bd3 Bxd3 12. cxd3 dxe3 13. Bxe3 Qd5 14. Qc2 b6
15. a3 Rfd8 16. Rfd1 f6 17. d4 c4 18. Rac1 Na5 19. Nd2 Rac8 20. Qc3 f5 21. Rc2
e6 22. Rdc1 Bf8 23. a4 Qd7 24. Nxc4 Rxc4 25. Qxc4 Nxc4 26. Rxc4 Qd5 27. b4 Qe4
28. Kf2 g5 29. d5 Qxd5 30. Rd4 Qa2+ 0-1

[Event "Lichtenberger Sommer 2019"]
[Site "Berlin"]
[Date "2019.08.21"]
[Round "5.21"]
[White "Sieglen, Joachim"]
[Black "Dittrich, Tom"]
[Result "0-1"]
[WhiteElo "2218"]
[BlackElo "1923"]
[PlyCount "62"]
[EventDate "2019.??.??"]
[WhiteTeam "SC Untergrombach"]
[BlackTeam "SG Stadtilm"]

1. d4 Nf6 2. c4 g6 3. Nc3 Bg7 4. e4 d6 5. Nf3 O-O 6. Be2 e5 7. O-O Nc6 8. d5
Ne7 9. b4 Ne8 10. c5 f5 11. Nd2 Nf6 12. f3 f4 13. a4 g5 14. Ba3 Ng6 15. Nc4 h5
16. b5 dxc5 17. Bxc5 Rf7 18. a5 g4 19. Bf2 g3 20. hxg3 fxg3 21. Bxg3 h4 22. Bh2
Nh5 23. Rf2 Qg5 24. Bd3 Ngf4 25. Bxf4 Nxf4 26. Kf1 h3 27. g4 Qh4 28. Raa2 Nxd3
29. Qxd3 Bxg4 30. Ne3 h2 31. Rxh2 Rxf3+ 0-1

[Event "Lichtenberger Sommer 2019"]
[Site "Berlin"]
[Date "2019.08.21"]
[Round "5.22"]
[White "Ahlers, Knut"]
[Black "Niehaus, Frank"]
[Result "1-0"]
[WhiteElo "1880"]
[BlackElo "2143"]
[PlyCount "67"]
[EventDate "2019.??.??"]
[WhiteTeam "SV Bargteheide"]
[BlackTeam "SK König Tegel"]

1. e4 d6 2. d4 Nf6 3. Nc3 g6 4. Bf4 Bg7 5. Qd2 c6 6. O-O-O b5 7. f3 b4 8. Nce2
a5 9. g4 Nbd7 10. h4 h5 11. g5 Nh7 12. e5 d5 13. Qd3 Nb6 14. Bh3 Ba6 15. c4
Bxc4 16. Qb1 e6 17. Bxe6 fxe6 18. Qxg6+ Kf8 19. Qxe6 Qe7 20. Qf5+ Kg8 21. g6
Nf8 22. Bg5 Qe6 23. Qf4 Nxg6 24. Qe3 Rd8 25. b3 Ba6 26. Ng3 Ne7 27. Nh3 Kf7 28.
Nf4 Qc8 29. Nfxh5 Nf5 30. Qf4 Kg6 31. Nf6 Nxg3 32. Qxg3 Kf7 33. Qf4 Ke6 34.
Rde1 1-0

[Event "Lichtenberger Sommer 2019"]
[Site "Berlin"]
[Date "2019.08.21"]
[Round "5.23"]
[White "Seitz, Patrick"]
[Black "Alten, Silvio"]
[Result "1-0"]
[WhiteElo "2130"]
[BlackElo "1883"]
[PlyCount "101"]
[EventDate "2019.??.??"]
[WhiteTeam "SC Böblingen"]
[BlackTeam "SV Mattnetz Berlin"]

1. e4 c5 2. Nf3 d6 3. d4 cxd4 4. Nxd4 Nf6 5. Nc3 a6 6. Rg1 e6 7. g4 Be7 8. Be3
d5 9. e5 Nfd7 10. f4 Bh4+ 11. Kd2 Nc6 12. g5 Nf8 13. Qh5 Nxd4 14. Bxd4 Ng6 15.
Bd3 Kd7 16. Bxg6 hxg6 17. Qg4 Kc6 18. Raf1 b5 19. Rf3 Rh5 20. b4 Bd7 21. a4 f6
22. gxf6 gxf6 23. Qxg6 Be8 24. Qd3 Rb8 25. axb5+ axb5 26. Ra1 f5 27. Ra6+ Kc7
28. Rxe6 Bc6 29. Bc5 Rb7 30. Rd6 Qg8 31. Nxd5+ Bxd5 32. Qxd5 Qxd5+ 33. Rxd5 Kb8
34. Bd6+ Kc8 35. Rc3+ Kd7 36. Rcc5 Bf2 37. Rxb5 Rxb5 38. Rxb5 Kc6 39. c4 Rxh2
40. Kd3 Rh3+ 41. Ke2 Bd4 42. Ra5 Re3+ 43. Kd2 Re4 44. b5+ Kb7 45. c5 Be3+ 46.
Kd3 Bxc5 47. Bxc5 Rxf4 48. Ra7+ Kb8 49. b6 Re4 50. Bd6+ Kc8 51. b7+ 1-0

[Event "Lichtenberger Sommer 2019"]
[Site "Berlin"]
[Date "2019.08.21"]
[Round "5.24"]
[White "Dathe, Frederick"]
[Black "Khojoyan, Martin"]
[Result "1-0"]
[WhiteElo "2110"]
[BlackElo "1850"]
[PlyCount "56"]
[EventDate "2019.??.??"]
[WhiteTeam "SC Kreuzberg"]
[BlackTeam "SV Motor Wildau"]

1. Nf3 d5 2. g3 Nf6 3. Bg2 c6 4. O-O Bf5 5. c4 Qc8 6. Re1 Bh3 7. Bh1 Nbd7 8. d4
h6 9. cxd5 cxd5 10. Nc3 a6 11. Bf4 g5 12. Be5 e6 13. Rc1 Qd8 14. Qb3 Nxe5 15.
Nxe5 Bd6 16. Qxb7 Bxe5 17. dxe5 Nd7 18. Red1 O-O 19. e4 Nxe5 20. exd5 Rb8 21.
dxe6 Qf6 22. Qe4 Rxb2 23. f4 fxe6 24. Qxe5 Qxe5 25. fxe5 Rff2 26. Ne4 Rxh2 27.
Rc7 Rxh1+ 28. Kxh1 Bg2+ 1-0

[Event "Lichtenberger Sommer 2019"]
[Site "Berlin"]
[Date "2019.08.21"]
[Round "5.25"]
[White "Schulz, Hartmut"]
[Black "Muskewitz, Bernd"]
[Result "1-0"]
[WhiteElo "2064"]
[BlackElo "1879"]
[PlyCount "93"]
[EventDate "2019.??.??"]
[WhiteTeam "SC Rochade (Berlin)"]
[BlackTeam "SF Nordost Berlin"]

1. d4 Nf6 2. Nf3 d5 3. c4 dxc4 4. e3 e6 5. Bxc4 c5 6. O-O Nc6 7. Qe2 cxd4 8.
Rd1 Be7 9. exd4 O-O 10. Nc3 Nb4 11. Bg5 Nbd5 12. Rac1 Re8 13. Ne5 Nxc3 14. bxc3
Nd5 15. Bd2 a6 16. Bd3 Nf6 17. Bg5 g6 18. Qf3 Rf8 19. Bh6 Re8 20. g4 Bf8 21.
Be3 Qe7 22. Bg5 Bg7 23. Bh4 Rf8 24. h3 h6 25. Bb1 Ra7 26. c4 g5 27. Bg3 Bd7 28.
Qe3 Ba4 29. Re1 Rc8 30. h4 Nd7 31. hxg5 hxg5 32. d5 Nxe5 33. Bxe5 Bxe5 34. Qxe5
b5 35. d6 f6 36. Qd4 Qf7 37. c5 b4 38. Qxb4 Bc6 39. Be4 Bxe4 40. Qxe4 Rd7 41.
Qxe6 Qxe6 42. Rxe6 Kf7 43. Ree1 Rc6 44. Kg2 Rd8 45. Kf3 Rdc8 46. Re7+ Kf8 47.
Rh1 1-0

[Event "Lichtenberger Sommer 2019"]
[Site "Berlin"]
[Date "2019.08.21"]
[Round "5.26"]
[White "Poseck, Steffen"]
[Black "Jeß, Arne"]
[Result "1/2-1/2"]
[WhiteElo "2041"]
[BlackElo "1842"]
[PlyCount "108"]
[EventDate "2019.??.??"]
[WhiteTeam "BSV 63 Chemie Weißensee"]
[BlackTeam "TSG Fredersdorf/Vogelsdorf"]

1. Nf3 d5 2. b3 c5 3. e3 Nc6 4. Bb2 Bg4 5. Be2 e6 6. h3 Bh5 7. O-O Nf6 8. Ne5
Bxe2 9. Qxe2 Nxe5 10. Bxe5 a6 11. d4 Nd7 12. Bg3 Qf6 13. c3 Be7 14. Nd2 cxd4
15. cxd4 O-O 16. Rac1 Rfc8 17. Qd3 Ba3 18. Rb1 Bb4 19. Rbc1 Qd8 20. Nb1 Rxc1
21. Rxc1 Rc8 22. Qd1 h6 23. Rc2 Nb6 24. Qc1 Rxc2 25. Qxc2 Qc8 26. Qc7 Qxc7 27.
Bxc7 Nc8 28. Kf1 Kf8 29. f3 Ke7 30. Ke2 Kd7 31. Bg3 Na7 32. Kd3 Nc6 33. a3 Be7
34. b4 Na7 35. e4 dxe4+ 36. fxe4 Nb5 37. Be1 h5 38. g4 hxg4 39. hxg4 Bg5 40. a4
Nd6 41. Nc3 Ne8 42. e5 Nc7 43. Ne4 Be7 44. Kc4 b5+ 45. Kb3 Kc6 46. Nc5 Kd5 47.
Bf2 f5 48. exf6 gxf6 49. Be3 e5 50. dxe5 Kxe5 51. Bg1 Kd5 52. Bh2 Bxc5 53. Bxc7
Bd6 54. Bd8 Ke6 1/2-1/2

[Event "Lichtenberger Sommer 2019"]
[Site "Berlin"]
[Date "2019.08.21"]
[Round "5.28"]
[White "Teichert, Felix"]
[Black "Ziems, Michael"]
[Result "1-0"]
[WhiteElo "2027"]
[BlackElo "1820"]
[PlyCount "51"]
[EventDate "2019.??.??"]
[WhiteTeam "Leegebrucher SF"]
[BlackTeam "SV Empor Berlin"]

1. c4 e6 2. g3 d5 3. Bg2 Nf6 4. Nf3 Be7 5. O-O c6 6. b3 Ne4 7. Bb2 Bf6 8. d4
Nd7 9. Qd3 h5 10. Nbd2 Nxd2 11. Nxd2 h4 12. e4 dxc4 13. Nxc4 Nb6 14. Rad1 O-O
15. Ne3 Qc7 16. Qe2 Be7 17. Qh5 f5 18. d5 Bf6 19. Bxf6 Rxf6 20. dxe6 Bxe6 21.
exf5 Rh6 22. Qg5 Bf7 23. Ng4 Rd6 24. f6 Bd5 25. Nh6+ Kh7 26. Ng4 1-0

[Event "Lichtenberger Sommer 2019"]
[Site "Berlin"]
[Date "2019.08.21"]
[Round "5.29"]
[White "Schubert, Joachim"]
[Black "Bornschein, Burkhard"]
[Result "0-1"]
[WhiteElo "1923"]
[BlackElo "2016"]
[PlyCount "115"]
[EventDate "2019.??.??"]
[WhiteTeam "SC Friesen Lichtenberg"]
[BlackTeam "BSC Rehberge"]

1. e4 c5 2. Nf3 Nc6 3. d4 cxd4 4. Nxd4 Nf6 5. Nc3 e5 6. Nb3 Bb4 7. Qf3 Bxc3+ 8.
bxc3 d6 9. Bg5 h6 10. Bxf6 Qxf6 11. Qxf6 gxf6 12. O-O-O Ke7 13. Rd3 f5 14. exf5
Bxf5 15. Re3 Be6 16. g3 a5 17. a4 b6 18. Bg2 Rac8 19. f4 f6 20. f5 Bf7 21. Rd1
Rhd8 22. Bd5 Na7 23. Bxf7 Kxf7 24. Rd5 Rc4 25. Kb2 Rxa4 26. Nd2 Rg4 27. Ne4 Ke7
28. h3 Rgg8 29. c4 Rd7 30. Rb3 Nc8 31. g4 Rc7 32. Rbd3 Rc6 33. Kb3 Rd8 34. h4
Rg8 35. Rg3 a4+ 36. Kb4 a3 37. Rdd3 a2 38. Ra3 d5 39. cxd5 Rxc2 40. d6+ Kf7 41.
d7 Ne7 42. Kb3 Rc1 43. Kb2 Rd1 44. Rxa2 Rxd7 45. Ra6 Rd4 46. Nxf6 Kxf6 47.
Rxb6+ Kf7 48. Rxh6 Rgxg4 49. Rh7+ Kf6 50. Ra3 Nxf5 51. Ra6+ Rd6 52. Ra8 Rxh4
53. Rf8+ Ke6 54. Rhf7 Ne3 55. Rf3 Rh2+ 56. Kb3 Rb6+ 57. Kc3 Rc2+ 58. Kd3 0-1

[Event "Lichtenberger Sommer 2019"]
[Site "Berlin"]
[Date "2019.08.21"]
[Round "5.30"]
[White "Zühlke, Burkhard"]
[Black "Schilly, Hans-Joachim"]
[Result "1/2-1/2"]
[WhiteElo "2009"]
[BlackElo "1739"]
[PlyCount "33"]
[EventDate "2019.??.??"]
[WhiteTeam "SGem Fürth"]
[BlackTeam "SF Siemensstadt"]

1. d4 d5 2. c4 c6 3. cxd5 cxd5 4. Bf4 Nf6 5. Nc3 a6 6. e3 Nc6 7. Bd3 Bg4 8. Qb3
Na5 9. Qc2 e6 10. Nf3 Be7 11. Ne5 Bh5 12. O-O Rc8 13. f3 b5 14. Qf2 Nc4 15.
Rad1 Bg6 16. e4 Nxe5 17. Bxe5 1/2-1/2

[Event "Lichtenberger Sommer 2019"]
[Site "Berlin"]
[Date "2019.08.21"]
[Round "5.31"]
[White "Guenther, Thomas"]
[Black "Reck, Jessica"]
[Result "1-0"]
[WhiteElo "1985"]
[BlackElo "1649"]
[PlyCount "57"]
[EventDate "2019.??.??"]
[BlackTeam "SK König Tegel"]

1. d4 b6 2. c4 Bb7 3. Nc3 e6 4. a3 f5 5. d5 Be7 6. Nf3 Nf6 7. Bf4 O-O 8. g3 Ne4
9. Nxe4 fxe4 10. Nd2 exd5 11. cxd5 e3 12. Bxe3 Bxd5 13. Nf3 Be4 14. Bg2 d5 15.
O-O c5 16. Qd2 h6 17. h4 Nc6 18. Rad1 Bf6 19. b4 Rb8 20. bxc5 bxc5 21. Bxc5 Rb2
22. Qe1 Re8 23. e3 Rb3 24. Qe2 Qa5 25. Nd4 Nxd4 26. exd4 Qa4 27. Rfe1 Kf7 28.
Qa2 Qb5 29. Bxe4 1-0

[Event "Lichtenberger Sommer 2019"]
[Site "Berlin"]
[Date "2019.08.21"]
[Round "5.32"]
[White "Bergmann, Jens"]
[Black "Rogozenco, Teodora"]
[Result "0-1"]
[WhiteElo "1829"]
[BlackElo "1974"]
[PlyCount "62"]
[EventDate "2019.??.??"]
[WhiteTeam "SK Tempelhof 1931"]
[BlackTeam "Hamburger SK"]

1. e4 d6 2. d4 Nf6 3. Nc3 e5 4. dxe5 dxe5 5. Qxd8+ Kxd8 6. Bc4 Ke8 7. Nf3 Bd6
8. h3 c6 9. a3 Nbd7 10. b4 b5 11. Bb3 a5 12. bxa5 Rxa5 13. Nd2 Ke7 14. O-O Bb7
15. Bb2 Rha8 16. a4 b4 17. Nd1 Ba6 18. Re1 g6 19. Ne3 Nb6 20. Nec4 Bxc4 21.
Nxc4 Nxc4 22. Bxc4 Nd7 23. Rad1 f6 24. Bb3 Nc5 25. Bc1 Nxa4 26. Rd3 Nc5 27. Rf3
Ra1 28. Rfe3 Nxb3 29. cxb3 Bc5 30. Rf3 Bd4 31. Kf1 Bc3 0-1

[Event "Lichtenberger Sommer 2019"]
[Site "Berlin"]
[Date "2019.08.21"]
[Round "5.33"]
[White "Glienke, Michael"]
[Black "Kutschke, Jens"]
[Result "0-1"]
[WhiteElo "1754"]
[BlackElo "1953"]
[PlyCount "84"]
[EventDate "2019.??.??"]
[WhiteTeam "SC Kreuzberg"]
[BlackTeam "SF 1903 Berlin"]

1. d4 Nf6 2. Bf4 g6 3. Nf3 Bg7 4. c4 d5 5. e3 O-O 6. Nc3 c5 7. Be2 Nc6 8. dxc5
Qa5 9. O-O dxc4 10. Qa4 Qxc5 11. Qxc4 Qa5 12. Qb5 Nh5 13. Qxa5 Nxa5 14. Bc7 Nc6
15. Rac1 Bf5 16. Nh4 Be6 17. Bxh5 gxh5 18. a3 Rac8 19. Bf4 Na5 20. Bg5 Rfe8 21.
Na4 h6 22. Rxc8 Bxc8 23. Bf4 e5 24. Bg3 b6 25. e4 Bd7 26. Nc3 Nc4 27. Rb1 Rc8
28. Nd5 Kf8 29. f3 Be6 30. Nc3 a6 31. Bf2 b5 32. g3 Bf6 33. Ng2 Nd2 34. Rd1
Nxf3+ 35. Kh1 Be7 36. Rd3 Ng5 37. h4 Nh7 38. Kg1 Nf6 39. Ne3 Ng4 40. Nf5 Bxf5
41. exf5 Kg7 42. Rd7 Bxa3 0-1

[Event "Lichtenberger Sommer 2019"]
[Site "Berlin"]
[Date "2019.08.21"]
[Round "5.34"]
[White "Möller, Dustin"]
[Black "Döring, Martin"]
[Result "1-0"]
[WhiteElo "2178"]
[BlackElo "1807"]
[PlyCount "73"]
[EventDate "2019.??.??"]
[WhiteTeam "Eckernförder SC"]
[BlackTeam "SC Weisse Dame"]

1. d4 d5 2. c4 Nc6 3. cxd5 Qxd5 4. e3 e5 5. Nc3 Bb4 6. a3 Bxc3+ 7. bxc3 exd4 8.
cxd4 Nf6 9. Ne2 Bg4 10. f3 Bh5 11. Nf4 Qd7 12. Rb1 Rb8 13. Qa4 Bg6 14. Nxg6
hxg6 15. Bb5 O-O 16. O-O Nd5 17. Bd2 Nb6 18. Qc2 Rfd8 19. Kh1 Qd6 20. Rb3 Ne7
21. Bb4 Qe6 22. e4 c6 23. Be2 Kh7 24. Bc5 Nbc8 25. Bc4 Qf6 26. f4 b6 27. Rh3+
Kg8 28. g4 Nd5 29. e5 Qe6 30. f5 Qe8 31. fxg6 fxg6 32. Rf8+ Qxf8 33. Bxf8 Rxf8
34. Qxg6 Nce7 35. Qh5 b5 36. e6 Rf1+ 37. Bxf1 1-0

[Event "Lichtenberger Sommer 2019"]
[Site "Berlin"]
[Date "2019.08.21"]
[Round "5.35"]
[White "Badestein, Hartmut"]
[Black "Wallmann, Bodo"]
[Result "0-1"]
[WhiteElo "2042"]
[BlackElo "1789"]
[PlyCount "56"]
[EventDate "2019.??.??"]
[WhiteTeam "SC Friesen Lichtenberg"]
[BlackTeam "SC Kreuzberg"]

1. e4 c5 2. Nf3 d6 3. d4 cxd4 4. Nxd4 Nf6 5. Nc3 Nc6 6. Bc4 Qc7 7. Bb3 a6 8.
O-O e6 9. Be3 Be7 10. f4 Na5 11. f5 Nxb3 12. axb3 O-O 13. Kh1 Bd7 14. Qf3 b5
15. fxe6 fxe6 16. b4 Qc4 17. Qe2 Qxb4 18. Ra3 e5 19. Rxf6 Bxf6 20. Nd5 Qxb2 21.
Rd3 exd4 22. Nxf6+ gxf6 23. Bxd4 Qa2 24. Rf3 Rf7 25. h3 Qe6 26. Qf2 Raf8 27.
Qh4 Rg7 28. Qf4 Bc6 0-1

[Event "Lichtenberger Sommer 2019"]
[Site "Berlin"]
[Date "2019.08.21"]
[Round "5.36"]
[White "Schmalzried, Volker"]
[Black "Keusch, Horst"]
[Result "0-1"]
[WhiteElo "1808"]
[BlackElo "2001"]
[PlyCount "114"]
[EventDate "2019.??.??"]
[BlackTeam "SC Friesen Lichtenberg"]

1. c4 f5 2. Nc3 Nf6 3. d4 g6 4. g3 Bg7 5. Bg2 O-O 6. Nf3 d6 7. O-O c6 8. Bg5 h6
9. Bd2 Na6 10. Rb1 Re8 11. b4 Nc7 12. a4 e5 13. c5 e4 14. Ne1 d5 15. Bf4 Nh5
16. Bxc7 Qxc7 17. f4 b6 18. Nc2 bxc5 19. bxc5 Nf6 20. Ne3 Ba6 21. Qc2 Rab8 22.
Rxb8 Rxb8 23. Rb1 Rb7 24. Ned1 Qb8 25. e3 Ng4 26. Rxb7 Qxb7 27. h3 Nf6 28. Bf1
Bxf1 29. Kxf1 Kf7 30. Kf2 g5 31. Qb2 Qc7 32. Qe2 Ke6 33. Qa6 Ke7 34. Na2 Nd7
35. Qe2 Qa5 36. Nac3 Nf6 37. Qb2 Qc7 38. Qe2 Kd7 39. Qa6 Qb8 40. Qe2 Bf8 41.
Qb2 Qc7 42. Qe2 Be7 43. Qb2 Bd8 44. Qb4 Kc8 45. Qb2 Qa5 46. Qe2 Bc7 47. Kg2 Qb4
48. Qf2 g4 49. Qe2 gxh3+ 50. Kxh3 Kd7 51. Qa6 Ng4 52. Qxa7 Qc4 53. Kh4 Nf6 54.
g4 fxg4 55. Qb7 Qf1 56. Kg3 Qh3+ 57. Kf2 g3+ 0-1

[Event "Lichtenberger Sommer 2019"]
[Site "Berlin"]
[Date "2019.08.21"]
[Round "5.37"]
[White "Rehder, Frank"]
[Black "Schabe, Felix"]
[Result "0-1"]
[WhiteElo "1793"]
[BlackElo "1984"]
[PlyCount "38"]
[EventDate "2019.??.??"]
[WhiteTeam "SC Zugzwang 95 (Berlin)"]
[BlackTeam "SV Empor Berlin"]

1. d4 Nf6 2. Nf3 g6 3. e3 Bg7 4. Bd3 O-O 5. O-O d5 6. b3 c5 7. Bb2 b6 8. Qe2
Nc6 9. a3 Ne4 10. c4 Bg4 11. h3 Bxf3 12. Qxf3 Na5 13. cxd5 Nf6 14. Bc4 b5 15.
Bxb5 Nxb3 16. Ra2 Rb8 17. Bc4 Na5 18. Bd3 Nxd5 19. Nc3 Rxb2 0-1

[Event "Lichtenberger Sommer 2019"]
[Site "Berlin"]
[Date "2019.08.21"]
[Round "5.38"]
[White "Groot, Patrick"]
[Black "Mock, Peter"]
[Result "0-1"]
[WhiteElo "1971"]
[BlackElo "1784"]
[PlyCount "106"]
[EventDate "2019.??.??"]
[WhiteTeam "SF 1903 Berlin"]
[BlackTeam "SC Rochade (Berlin)"]

1. d4 d5 2. c4 c6 3. Nf3 Nf6 4. Nc3 dxc4 5. a4 Na6 6. e4 Bg4 7. Be3 e6 8. Bxc4
Be7 9. Qb3 Nb4 10. Ne5 Bh5 11. f3 Nd7 12. Nxd7 Qxd7 13. O-O a5 14. Rfd1 Bg6 15.
d5 exd5 16. Nxd5 Nxd5 17. exd5 O-O 18. dxc6 Qxc6 19. Rac1 Bc5 20. Bd5 Bxe3+ 21.
Qxe3 Qf6 22. Qb3 Rab8 23. Rc5 Rfd8 24. Rxa5 Rbc8 25. Qb4 Rc2 26. Rd2 Rc1+ 27.
Kf2 h5 28. Rc5 Rb1 29. g3 Qe7 30. Re2 Qd6 31. Qd4 Rd1 32. Bxf7+ Bxf7 33. Qxd6
R8xd6 34. Rc8+ Kh7 35. Rc7 Rd7 36. Re7 Rxe7 37. Rxe7 Bd5 38. Re5 Bc6 39. Rxh5+
Kg6 40. Rc5 Rd2+ 41. Ke3 Rxb2 42. a5 Rb3+ 43. Kd4 Bxf3 44. Ke5 Rb4 45. Ke6 Rb2
46. h4 Re2+ 47. Kd6 Rd2+ 48. Ke6 Re2+ 49. Kd6 Kf6 50. Rc4 Re6+ 51. Kd7 Re5 52.
Rf4+ Rf5 53. Ra4 Bc6+ 0-1

[Event "Lichtenberger Sommer 2019"]
[Site "Berlin"]
[Date "2019.08.21"]
[Round "5.39"]
[White "Villuela, Roberto"]
[Black "Schmidt, Fabian"]
[Result "0-1"]
[WhiteElo "1787"]
[BlackElo "1952"]
[PlyCount "278"]
[EventDate "2019.??.??"]
[WhiteTeam "Nairobi Chess Club"]
[BlackTeam "Königsjäger Süd-West"]

1. d4 d5 2. Bf4 c5 3. e3 cxd4 4. exd4 Nc6 5. Nf3 Bf5 6. c3 a6 7. Nbd2 e6 8. Be2
h6 9. O-O Nf6 10. Ne5 Be7 11. Ndf3 O-O 12. Bd3 Bxd3 13. Qxd3 Rc8 14. Rfe1 b5
15. a3 Qb6 16. Nxc6 Rxc6 17. Ne5 Rcc8 18. Re3 Qb7 19. Rh3 Ne4 20. f3 Bg5 21. g3
Bxf4 22. gxf4 Nd6 23. Rg3 Nf5 24. Rg2 a5 25. Kh1 b4 26. axb4 axb4 27. Rag1 bxc3
28. bxc3 Kh8 29. Ng4 Qb3 30. Rc1 Rc4 31. Ne5 Qa3 32. Rgc2 Rc7 33. Qd2 Rfc8 34.
Kg2 Kg8 35. Nd3 Qe7 36. Qf2 Qf6 37. Kh1 Qh4 38. Qxh4 Nxh4 39. Nc5 Nxf3 40. Ra2
g6 41. Kg2 Nh4+ 42. Kf2 Nf5 43. Rca1 Kg7 44. Rb2 Nd6 45. Rc2 Rc6 46. Kf3 R8c7
47. Raa2 Rb6 48. Ra1 Rbc6 49. Raa2 Kf6 50. Ra3 Kf5 51. h3 Rb6 52. Ra1 Rb5 53.
Ra6 Nc4 54. Ra1 Kf6 55. Rca2 Nd6 56. Rc1 Kf5 57. Re2 Ra7 58. Re5+ Kf6 59. Re2
Ra3 60. Rec2 Rba5 61. Re2 Nb5 62. Re3 Nd6 63. Re2 Rb5 64. Rec2 Nf5 65. Rd2 Rb4
66. Kf2 Rb5 67. Rdc2 Kg7 68. Re2 Rb8 69. Rec2 Rba8 70. Rb2 Nd6 71. Kf3 Nf5 72.
Kf2 h5 73. Nb3 Nd6 74. Nc5 Nc4 75. Re2 Ra1 76. Nb3 Rxc1 77. Nxc1 Nd6 78. Na2
Ra3 79. Ke3 Nf5+ 80. Kd3 Nd6 81. Rc2 Kf6 82. Ke3 Kf5 83. Kf3 Ne4 84. Ke3 Rb3
85. Kf3 Rb1 86. Nc1 Ra1 87. Ke3 f6 88. Kf3 Rb1 89. Ke3 Nd6 90. Kf3 Nc4 91. Ne2
h4 92. Rc1 Rxc1 93. Nxc1 Nd2+ 94. Ke3 Ne4 95. Ne2 Ng3 96. Nc1 Nh5 97. Ne2 Ng3
98. Nc1 Ne4 99. Ne2 Nd6 100. Kf3 Nb5 101. Ke3 Na3 102. Kf3 Nc2 103. Nc1 Ne1+
104. Kf2 Nc2 105. Kf3 Na3 106. Ke3 Nc4+ 107. Kf3 g5 108. Ne2 Nd2+ 109. Ke3 Ne4
110. fxg5 Nxg5 111. Nf4 Ne4 112. Ng2 Nxc3 113. Nxh4+ Kg5 114. Nf3+ Kh5 115. Kf4
Nb5 116. Kg3 Nd6 117. Kf2 Nf5 118. Ke2 Nh6 119. Ke3 Nf5+ 120. Kd3 Nh4 121. Nd2
Ng2 122. Nb3 Nf4+ 123. Ke3 Nxh3 124. Nc5 Ng5 125. Kf4 Kg6 126. Nd7 Kf7 127. Nc5
Nh7 128. Kg4 Nf8 129. Kh5 Ke7 130. Kh6 Nd7 131. Nd3 Nb6 132. Kg6 Na4 133. Ne1
Nc3 134. Nf3 Ne2 135. Kg7 Nf4 136. Nh4 e5 137. dxe5 fxe5 138. Nf3 e4 139. Nd4
Ne6+ 0-1

[Event "Lichtenberger Sommer 2019"]
[Site "Berlin"]
[Date "2019.08.21"]
[Round "5.41"]
[White "Bade, Heidrun"]
[Black "Bauder, Herbert"]
[Result "0-1"]
[WhiteElo "1783"]
[BlackElo "1947"]
[PlyCount "80"]
[EventDate "2019.??.??"]
[WhiteTeam "USV Potsdam"]
[BlackTeam "Lasker Steglitz-Wilmersdorf"]

1. e4 c5 2. Nf3 Nc6 3. d4 cxd4 4. Nxd4 Nf6 5. Nc3 e5 6. Nf3 Be7 7. Bc4 d6 8. h3
h6 9. O-O O-O 10. Be3 a6 11. a4 Rb8 12. Bd5 Nb4 13. a5 Nbxd5 14. exd5 Bd7 15.
Re1 Qe8 16. Qd3 Rc8 17. Nd2 Nh7 18. f4 f5 19. fxe5 dxe5 20. d6 Bh4 21. Bf2
Bxf2+ 22. Kxf2 Nf6 23. Kg1 e4 24. Qd4 Qe6 25. Re3 Rc6 26. Qb4 Qxd6 27. Qxd6
Rxd6 28. Nc4 Rd4 29. Na3 Bc6 30. Ne2 Rd2 31. Nf4 Nd5 32. Nxd5 Bxd5 33. Rae1 f4
34. R3e2 Rxe2 35. Rxe2 Kh7 36. c4 Bc6 37. Nc2 e3 38. Nb4 Be4 39. b3 Rd8 40. Kf1
Rd1+ 0-1

[Event "Lichtenberger Sommer 2019"]
[Site "Berlin"]
[Date "2019.08.21"]
[Round "5.42"]
[White "Patzenhauer, Max"]
[Black "Eisheh, Jens-Tarek"]
[Result "0-1"]
[WhiteElo "1945"]
[BlackElo "1779"]
[PlyCount "98"]
[EventDate "2019.??.??"]
[WhiteTeam "SV Motor Wildau"]
[BlackTeam "Lübecker SV"]

1. d4 Nf6 2. Nf3 e6 3. e3 b6 4. Bd3 Bb7 5. Nbd2 d5 6. Ne5 Bd6 7. b3 O-O 8. O-O
c5 9. Bb2 Nc6 10. a3 Rc8 11. f4 Ne7 12. Qf3 b5 13. dxc5 Bxc5 14. Qh3 Nf5 15.
Rae1 Ne4 16. Bc1 f6 17. Ng4 Qd7 18. Nf3 Bb6 19. b4 Rc7 20. Nh4 a5 21. Rd1 Qc8
22. Nf2 Nxh4 23. Qxh4 f5 24. Nh3 Qe8 25. Ng5 Nxg5 26. Qxg5 Rf6 27. Qg3 axb4 28.
axb4 d4 29. Qe1 e5 30. fxe5 Qxe5 31. exd4 Bxd4+ 32. Kh1 Rg6 33. Rd2 Qxe1 34.
Rxe1 Bc3 35. Ree2 Bxd2 36. Bxd2 Be4 37. Bxb5 Rxc2 38. Ba4 Rb2 39. h3 Rxg2 40.
Rxe4 Rgxd2 41. Re1 Rxb4 42. Bc6 g6 43. Kg1 Rbd4 44. Bf3 Kg7 45. Re7+ Kh6 46.
Ra7 Rb4 47. Ra1 Rbb2 48. Ra7 Rb3 49. Bg2 Rg3 0-1

[Event "Lichtenberger Sommer 2019"]
[Site "Berlin"]
[Date "2019.08.21"]
[Round "5.43"]
[White "Neuwald, Volker"]
[Black "Matitschka, Heinz"]
[Result "1-0"]
[WhiteElo "1774"]
[BlackElo "1930"]
[PlyCount "79"]
[EventDate "2019.??.??"]
[WhiteTeam "SK Ottenau"]
[BlackTeam "TSG Oberschöneweide"]

1. c4 Nf6 2. Nf3 e6 3. Nc3 d5 4. e3 Be7 5. Be2 O-O 6. O-O dxc4 7. Bxc4 Nc6 8.
a3 b6 9. b4 Bb7 10. Bb2 Re8 11. Qc2 Bf8 12. Rac1 a5 13. b5 Ne7 14. e4 Ng6 15.
d4 Rc8 16. Qe2 h6 17. Rfd1 Qe7 18. Rd2 Nf4 19. Qe3 g5 20. Ne5 Bg7 21. h4 Nd7
22. Nxd7 Qxd7 23. g3 Ng6 24. hxg5 hxg5 25. Qxg5 Qe7 26. Qh5 Kf8 27. f4 c5 28.
d5 Bd4+ 29. Rxd4 cxd4 30. Na4 e5 31. f5 Kg7 32. fxg6 fxg6 33. Qe2 Qd6 34. Rf1
Rh8 35. Bc1 Rh3 36. Qf3 Rxg3+ 37. Qxg3 Rxc4 38. Nb2 Rc7 39. Nd3 Re7 40. Bg5 1-0